Suomea lähimmät maat - Statistics

Yleistilastot
  • Tätä visaa on pelattu 183 kertaa
  • Keskiarvotulos 15 / 20
Vastaustilastot
Km Maa Mailia % Oikein
0 Norja 0
100%
0 Ruotsi 0
99%
0 Venäjä 0
99%
47 Viro 29
99%
378 Liettua 235
97%
213 Latvia 133
95%
575 Tanska 358
92%
603 Puola 374
90%
718 Saksa 446
90%
879 Ukraina 546
83%
470 Valko-Venäjä 292
81%
1153 Slovakia 717
64%
1044 Tšekki 649
63%
1315 Belgia 817
62%
1262 Itävalta 784
59%
1256 Unkari 781
59%
1071 Alankomaat 665
56%
1306 Romania 812
51%
1291 Moldova 802
39%
1106 Yhdistynyt Kuningaskunta 687
29%
Ehtoja vastaavia visoja ei löytynyt
Tulosjakauma
Jokaisen tuloksen saaneiden osuus
Persentiili vastausten määrän mukaan
Tuloshistoriasi
Et ole pelannut tätä visaa